Construction Plus (Record no. 119441)
[ view plain ]
| 000 -LEADER | |
|---|---|
| fixed length control field | 00974cam a2200205 4500 |
| 001 - CONTROL NUMBER | |
| control field | WS104696 |
| 008 - FIXED-LENGTH DATA ELEMENTS--GENERAL INFORMATION | |
| fixed length control field | 000000n 000 0 eng u |
| 035 ## - SYSTEM CONTROL NUMBER | |
| System control number | (Sirsi) u104696 |
| 110 1# - MAIN ENTRY--CORPORATE NAME | |
| Corporate name or jurisdiction name as entry element | Emap Construct Ltd |
| 9 (RLIN) | 3840 |
| 245 ## - TITLE STATEMENT | |
| Title | Construction Plus |
| 520 ## - SUMMARY, ETC. | |
| Summary, etc. | Web site set up by the publishers Emap Construct Ltd to provide a 'knowledge centre' as called for by the Egan report. It lists journals which it publishes and each journal has its own home page giving product and company directories, searchable archives and job adverts. The journals covered are Architects Journal, Construction News and New Civil Engineer. |
| 650 ## - SUBJECT ADDED ENTRY--TOPICAL TERM | |
| Topical term or geographic name entry element | JOURNALS |
| 650 ## - SUBJECT ADDED ENTRY--TOPICAL TERM | |
| Topical term or geographic name entry element | BUILT ENVIRONMENT-BUILDING MATERIALS |
| 650 ## - SUBJECT ADDED ENTRY--TOPICAL TERM | |
| Topical term or geographic name entry element | BUILT ENVIRONMENT-BUILDING MATERIALS |
| 650 ## - SUBJECT ADDED ENTRY--TOPICAL TERM | |
| Topical term or geographic name entry element | ARCHITECTURE |
| 650 ## - SUBJECT ADDED ENTRY--TOPICAL TERM | |
| Topical term or geographic name entry element | CIVIL ENGINEERING |
| 690 ## - LOCAL SUBJECT ADDED ENTRY--TOPICAL TERM (OCLC, RLIN) | |
| Topical term or geographic name as entry element | BUILT ENVIRONMENT |
| 856 40 - ELECTRONIC LOCATION AND ACCESS | |
| Uniform Resource Identifier | <a href="https://www.constructionplus.co.uk/">https://www.constructionplus.co.uk/</a> |
| Public note | View the website free of charge at www.constructionplus.co.uk/... |
| 942 ## - ADDED ENTRY ELEMENTS (KOHA) | |
| Suppress in OPAC | 0 |
| Withdrawn status | Lost status | Source of classification or shelving scheme | Damaged status | Not for loan | Home library | Current library | Shelving location | Date acquired | Total Checkouts | Full call number | Barcode | Date last seen | Copy number | Price effective from | Koha item type |
|---|---|---|---|---|---|---|---|---|---|---|---|---|---|---|---|
| Dewey Decimal Classification | Virtual | Virtual | Online | 08/03/2000 | WEB SITE | 104696-2001 | 06/08/2019 | 1 | 06/08/2019 | Online material |